| 000 | 00696cam a2200193 a 4500 | ||
|---|---|---|---|
| 020 | _a0895883376 (pbk.) : | ||
| 082 | 0 | 0 |
_a005.133L _bJOR _cMCE-L-02,P-115 |
| 100 | 1 |
_aJorgensen, Carolyn. _936677 |
|
| 245 | 1 | 0 |
_aMastering 1-2-3 / _cCarolyn Jorgensen. |
| 260 |
_aDelhi : _bPBP, _cc1986. |
||
| 300 |
_axxiii, 466 p. : _bill. (some col.) ; _c23 cm. |
||
| 500 | _aIncludes index. | ||
| 500 | _aOn t.p. the registered trademark symbol "TM" is superscript following "3" in the title. | ||
| 500 | _aOne folded col. chart inserted. | ||
| 526 |
_a0 _b0 _c0 _d005_000000000000000_133L_JOR |
||
| 650 | 0 |
_aBusiness _xComputer programs. _919731 |
|
| 650 | 0 |
_aElectronic spreadsheets. _920686 |
|
| 942 |
_2ddc _cBK |
||
| 999 |
_c541685 _d541685 |
||